Copa Mundial de la FIFA 1970 - Estadísticas

Estadísticas generales
  • Esta prueba ha sido intentada 83 veces
  • La puntuación promedio es 13 de 16
Estadísticas de respuestas
GRUPO % Correcto
Italia
99%
Alemania Federal
97%
Brasil
97%
México
97%
Uruguay
97%
Inglaterra
93%
Perú
84%
Unión Soviética
84%
Suecia
78%
Bélgica
74%
Checoslovaquia
74%
Bulgaria
71%
Rumanía
64%
Marruecos
58%
El Salvador
51%
Israel
45%
No se encontraron pruebas coincidentes
Distribución de puntuación
Porcentaje de gente con cada puntuación
Porcentaje por número respondido
Historial de tus puntuaciones
No has intentado esta prueba.